000
00355nam a22001577a 4500
003
MPLRDC
005
20220104142623.0
008
210129b ||||| |||| 00| 0 eng d
082
_a
848.1 XY-8
100
_a
徐于著
245
_a
传杯集
_c
260
_a
_b
创垦出版社
_c
300
_b
平
650
_a
现代别集
942
_c
BK
_o
848.1 XY-8
999
_c
32362
_d
32352